QUEST Central Library Banner

Introduction to Microprocessor (Record no. 8600)

MARC details
000 -LEADER
fixed length control field 00232nam a2200109 4500
082 ## - DEWEY DECIMAL CLASSIFICATION NUMBER
Classification number CRI
100 ## - MAIN ENTRY--AUTHOR NAME
Personal name Crips, John
245 ## - TITLE STATEMENT
Title Introduction to Microprocessor
260 ## - PUBLICATION, DISTRIBUTION, ETC. (IMPRINT)
Place of publication Oxford:
Name of publisher Newness,
Year of publication 1998.
300 ## - PHYSICAL DESCRIPTION
Number of Pages 222p. ;
942 ## - ADDED ENTRY ELEMENTS (KOHA)
Koha item type Books
Holdings
Withdrawn status Lost status Collection code Home library Current library Shelving location Date acquired Full call number Accession Number Koha item type
    Reference Reference Section Reference Section Reference 11/08/2014 621.3916 CRI (Shelf - 55A) 21386 Books

Copyright © 2018,The QUEST, Nawabshah, Shaheed Benazirabad. All rights reserved
Mr. G. Farooq Channar (Librarian) QUEST, Nawabshah, Sindh, Pakistan 67480.
 Ph#: |   0244-9370381-4 Ext. 2308   Email| lib@quest.edu.pk   Web|  http://www.quest.edu.pk